[Event "11. Senioren Team Europameiste"]
[Site "Velden - Casino"]
[Date "2009.04.06"]
[Round "2"]
[Board "3"]
[White "Scholes, James E"]
[Black "Koskinen, Veikko"]
[Result "1/2-1/2"]
[WhiteElo "2110"]
[BlackElo "1999"]
[PlyCount "36"]
[EventDate "2009.04.05"]
[EventType "team"]
[EventRounds "9"]
[EventCountry "AUT"]
[WhiteTeam "England 1"]
[BlackTeam "Helsinki 2"]

1.c4 f5 2.Nc3 Nf6 3.g3 g6 4.Bg2 Bg7 5.d3 O-O 6.e4 fxe4 7.dxe4 d6 8.h3 c5 9.Nge2
Nc6 10.O-O e5 11.Be3 Be6 12.b3 Nd4 13.f4 Qd7 14.Kh2 Bg4 15.fxe5 Bxe2 16.Nxe2
dxe5 17.Nc3 Rf7 18.Qd2 Raf8

[Event "11. Senioren Team Europameiste"]
[Site "Velden - Casino"]
[Date "2009.04.06"]
[Round "2"]
[Board "4"]
[White "Laitinen, Martti"]
[Black "Reuben, Stewart"]
[Result "0-1"]
[WhiteElo "1855"]
[BlackElo "2102"]
[PlyCount "90"]
[EventDate "2009.04.05"]
[EventType "team"]
[EventRounds "9"]
[EventCountry "AUT"]
[WhiteTeam "Helsinki 2"]
[BlackTeam "England 1"]

1.d4 Nf6 2.c4 e6 3.Nc3 Bb4 4.a3 Bxc3+ 5.bxc3 c5 6.e3 Nc6 7.Bd3 e5 8.Ne2 d6 9.Ng3
exd4 10.cxd4 cxd4 11.O-O dxe3 12.Bxe3 Ng4 13.Nf5 Bxf5 14.Bxf5 Nxe3 15.Re1 O-O
16.Rxe3 Qg5 17.Qd3 Ne5 18.Bxh7+ Kh8 19.Qf5 Qxf5 20.Bxf5 g6 21.Be4 Nxc4 22.Rh3+
Kg7 23.Bxb7 Rab8 24.Bd5 Nb6 25.Bb3 Rfd8 26.Rd1 Rd7 27.Rhd3 Rbd8 28.a4 a5 29.Rd4
d5 30.g4 Kf6 31.f4 Ke6 32.Re1+ Kd6 33.Rc1 Rc7 34.Rxc7 Kxc7 35.Kf2 Kd6 36.Ke3 Rh8
37.Bxd5 Nxd5+ 38.Ke4 Re8+ 39.Kf3 Rb8 40.g5 Rb3+ 41.Kg4 Rb4 42.Rd2 Rxa4 43.Rf2
Rxf4+ 44.Rxf4 Nxf4 45.Kxf4 a4

[Event "11. Senioren Team Europameiste"]
[Site "Velden - Casino"]
[Date "2009.04.06"]
[Round "2"]
[Board "1"]
[White "Wademark, Helge"]
[Black "Hicker, Harald"]
[Result "1-0"]
[WhiteElo "2102"]
[BlackElo "2108"]
[PlyCount "79"]
[EventDate "2009.04.05"]
[EventType "team"]
[EventRounds "9"]
[EventCountry "AUT"]
[WhiteTeam "Schweden II"]
[BlackTeam "Carinthia"]

1.e4 e5 2.Nf3 Nc6 3.Bc4 Be7 4.c3 Nf6 5.d3 O-O 6.O-O d6 7.h3 Na5 8.Bb5 a6 9.Ba4
b5 10.Bc2 c5 11.Be3 Qc7 12.Nbd2 Bb7 13.d4 Nc6 14.d5 Nd8 15.Nh2 Bc8 16.a4 Rb8
17.axb5 axb5 18.f4 exf4 19.Bxf4 Re8 20.c4 g6 21.cxb5 Nh5 22.Nc4 Nxf4 23.Rxf4 Bd7
24.b6 Qc8 25.Ng4 Bb5 26.Ba4 Qd7 27.Qb3 Bxa4 28.Rxa4 Rf8 29.Ra7 Rb7 30.Ra8 h5
31.Nf6+ Bxf6 32.Rxf6 Qe7 33.Rxd6 Rd7 34.Rxd7 Qxd7 35.Ra7 Nb7 36.Qg3 Qb5 37.b3
Nd8 38.e5 h4 39.Qc3 Qe8 40.e6

[Event "11. Senioren Team Europameiste"]
[Site "Velden - Casino"]
[Date "2009.04.06"]
[Round "2"]
[Board "2"]
[White "Peierl, Walter"]
[Black "Hallerod, Ralph"]
[Result "0-1"]
[WhiteElo "1951"]
[BlackElo "2081"]
[PlyCount "116"]
[EventDate "2009.04.05"]
[EventType "team"]
[EventRounds "9"]
[EventCountry "AUT"]
[WhiteTeam "Carinthia"]
[BlackTeam "Schweden II"]

1.e4 c6 2.d4 d5 3.Nc3 dxe4 4.Nxe4 Nf6 5.Ng3 Bg4 6.f3 Bh5 7.Nxh5 Nxh5 8.Bc4 e6
9.Ne2 Bd6 10.Be3 Nd7 11.Qd2 Nb6 12.Bb3 Nd5 13.Bxd5 cxd5 14.g4 Nf6 15.Bf4 Qc7
16.Bxd6 Qxd6 17.c3 O-O-O 18.O-O-O Kb8 19.Qf4 Kc7 20.Rhe1 Qxf4+ 21.Nxf4 g5 22.Nd3
h5 23.h3 hxg4 24.hxg4 Rh7 25.Re5 Rg8 26.Rf1 Kd6 27.Ree1 Nd7 28.Rh1 Rgh8 29.Rhf1
f6 30.f4 Rh3 31.Nc5 Nxc5 32.dxc5+ Ke7 33.fxg5 fxg5 34.Kc2 Rh2+ 35.Kb3 Rg2 36.Rh1
Rh4 37.a4 Rgxg4 38.Reg1 Rxa4 39.Rxg5 Rxh1 40.Kxa4 Rh7 41.Kb5 Kd7 42.Rg1 Kc7
43.b4 e5 44.Rg6 Re7 45.Rd6 e4 46.Rxd5 e3 47.Rd1 e2 48.Re1 Re4 49.Ka4 Kc6 50.Kb3
a5 51.bxa5 Kxc5 52.a6 bxa6 53.Kc2 a5 54.Kd2 a4 55.Kc2 Re7 56.Kd2 a3 57.Kc2 Kc4
58.Kd2 a2

[Event "11. Senioren Team Europameiste"]
[Site "Velden - Casino"]
[Date "2009.04.06"]
[Round "2"]
[Board "4"]
[White "Wernig, Klaus"]
[Black "Andersson, Sven-Olof"]
[Result "1/2-1/2"]
[WhiteElo "1961"]
[BlackElo "2060"]
[PlyCount "122"]
[EventDate "2009.04.05"]
[EventType "team"]
[EventRounds "9"]
[EventCountry "AUT"]
[WhiteTeam "Carinthia"]
[BlackTeam "Schweden II"]

1.e4 c5 2.c3 e6 3.d4 d5 4.e5 Nc6 5.Nf3 Qb6 6.Be2 Bd7 7.O-O f6 8.dxc5 Bxc5 9.b4
Be7 10.Re1 fxe5 11.b5 Na5 12.Nxe5 Bc5 13.Bh5+ g6 14.Qf3 Ne7 15.Qf7+ Kd8 16.Bg4
Be8 17.Qf6 Bxf2+ 18.Qxf2 Qxf2+ 19.Kxf2 Rf8+ 20.Kg1 Nf5 21.Bg5+ Kc7 22.Na3 h5
23.Bf3 Rc8 24.Bf4 Kb6 25.Be3+ Nxe3 26.Rxe3 Rf6 27.Rb1 g5 28.Bxh5 Rf4 29.Bxe8
Rxe8 30.Nd7+ Kc7 31.Nc5 Kd6 32.Nb3 Ra4 33.Nxa5 Rxa5 34.c4 d4 35.c5+ Kd5 36.Re5+
Kxe5 37.Nc4+ Kd5 38.Nxa5 Kxc5 39.Nxb7+ Kd5 40.Rc1 Re7 41.Rc5+ Ke4 42.Rxg5 e5
43.Nc5+ Ke3 44.Rg3+ Ke2 45.Rf3 e4 46.Rf2+ Ke3 47.Kf1 d3 48.Ke1 Re5 49.Nb3 Rxb5
50.Nd2 Rc5 51.Kd1 Rb5 52.Rf7 Rb4 53.Re7 Kf2 54.Rxe4 Rb2 55.Ra4 Kxg2 56.h4 a6
57.Ra5 Rb4 58.Rd5 Rxh4 59.Rxd3 Ra4 60.a3 Rh4 61.Rb3 a5

[Event "11. Senioren Team Europameiste"]
[Site "Velden - Casino"]
[Date "2009.04.06"]
[Round "2"]
[Board "1"]
[White "Welz, Peter"]
[Black "Buerger, Thomas"]
[Result "0-1"]
[WhiteElo "2143"]
[BlackElo "2121"]
[PlyCount "105"]
[EventDate "2009.04.05"]
[EventType "team"]
[EventRounds "9"]
[EventCountry "AUT"]
[WhiteTeam "Stiftung Bahn-Sozialwerk Berlin/DBAG"]
[BlackTeam "Kaernten 1"]

1.e4 d5 2.e5 Bf5 3.d4 e6 4.Be2 c5 5.Nf3 Nc6 6.O-O Qc7 7.c3 cxd4 8.Nxd4 Nxd4
9.cxd4 Ne7 10.Nc3 a6 11.g4 Bg6 12.f4 h6 13.f5 Bh7 14.Bd3 O-O-O 15.Be3 Nc6 16.Rc1
Kb8 17.a3 h5 18.g5 Bxf5 19.Bxf5 exf5 20.Rxf5 g6 21.Rf2 Qd7 22.Qf3 Rh7 23.b4 Qg4+
24.Qxg4 hxg4 25.Rcf1 Rh3 26.Nd1 Ne7 27.Rxf7 Nf5 28.R1xf5 gxf5 29.g6 Bh6 30.g7
Rxe3 31.Nxe3 Bxe3+ 32.Kf1 Bh6 33.e6 Re8 34.e7 Bxg7 35.Rxg7 Kc7 36.Rf7 Kd6
37.Rf6+ Kxe7 38.Rb6 Rh8 39.Kg2 f4 40.Rxb7+ Ke6 41.b5 axb5 42.Rxb5 Ra8 43.Rb3 Ra4
44.h3 gxh3+ 45.Kxh3 Kf5 46.Kh4 Rxd4 47.Rb8 Ra4 48.Rf8+ Ke4 49.Kg4 Ke3 50.Rf5 d4
51.Re5+ Kf2 52.Kxf4 d3+ 53.Kf5

[Event "11. Senioren Team Europameiste"]
[Site "Velden - Casino"]
[Date "2009.04.06"]
[Round "2"]
[Board "2"]
[White "Toefferl, Heimo"]
[Black "Fitzke, Ulrich"]
[Result "1-0"]
[WhiteElo "2097"]
[BlackElo "1998"]
[PlyCount "73"]
[EventDate "2009.04.05"]
[EventType "team"]
[EventRounds "9"]
[EventCountry "AUT"]
[WhiteTeam "Kaernten 1"]
[BlackTeam "Stiftung Bahn-Sozialwerk Berlin/DBAG"]

1.d4 d5 2.c4 e6 3.Nc3 Nf6 4.Nf3 Be7 5.Qc2 Nc6 6.e3 O-O 7.a3 a6 8.b3 Qd7 9.Bd3 h6
10.O-O b6 11.Bb2 Bb7 12.Rad1 Rac8 13.Qe2 Nb8 14.Ne5 Qd6 15.Bb1 Nbd7 16.Na4 dxc4
17.Nxc4 Qc6 18.f3 Rfd8 19.e4 Nf8 20.Rd2 Qb5 21.Bc2 Rd7 22.Qf2 Rdd8 23.Rfd1 Ba8
24.Nc3 Qe8 25.g4 N6d7 26.Ne3 c5 27.d5 exd5 28.Ncxd5 Bxd5 29.Nxd5 Nh7 30.e5 Ng5
31.Qg3 Ne6 32.f4 Nc7 33.g5 hxg5 34.Qh3 g6 35.Nxe7+ Qxe7 36.Rxd7 Rxd7 37.Qxd7

[Event "11. Senioren Team Europameiste"]
[Site "Velden - Casino"]
[Date "2009.04.06"]
[Round "2"]
[Board "2"]
[White "Bodner, Alfred"]
[Black "Schwertel, Johann"]
[Result "0-1"]
[WhiteElo "2023"]
[BlackElo "1987"]
[PlyCount "110"]
[EventDate "2009.04.05"]
[EventType "team"]
[EventRounds "9"]
[EventCountry "AUT"]
[WhiteTeam "SK Volksbank Lienz"]
[BlackTeam "Rheno Palatinat"]

1.c4 e5 2.Nc3 Nf6 3.Nf3 Nc6 4.a3 d6 5.d4 exd4 6.Nxd4 Bd7 7.Bg5 Be7 8.e3 O-O
9.Be2 h6 10.Bh4 Ne5 11.h3 a6 12.O-O Rb8 13.Bg3 Re8 14.f4 Nc6 15.Nf3 Bf5 16.Bf2
Ne4 17.Nxe4 Bxe4 18.Nd2 Bg6 19.Bf3 Bf6 20.Ra2 Bf5 21.b4 Bh4 22.g3 Bf6 23.Kh2 Bd7
24.Ne4 Be7 25.Rd2 f5 26.Nc3 Be6 27.Nd5 Bf6 28.b5 axb5 29.cxb5 Na5 30.Qa4 b6
31.Rc2 Bxd5 32.Bxd5+ Kh8 33.Rfc1 Re7 34.g4 Nb7 35.gxf5 Nc5 36.Qc4 Qe8 37.Bc6 Qh5
38.e4 Rd8 39.Re1 Bh4 40.Rg1 Bf6 41.Bg3 Rb8 42.Re2 Nb3 43.e5 Na5 44.Qd3 Nxc6
45.bxc6 Ra8 46.Rge1 Rae8 47.Re3 dxe5 48.fxe5 Bg5 49.Re4 Rf7 50.Rd4 Be7 51.Rf1
Ra8 52.e6 Rff8 53.Bxc7 Rxa3 54.Rf2 Rxd3 55.Rxd3 Rxf5

[Event "11. Senioren Team Europameiste"]
[Site "Velden - Casino"]
[Date "2009.04.06"]
[Round "2"]
[Board "3"]
[White "Denda, Ronald"]
[Black "Brandstaetter, Walter"]
[Result "1-0"]
[WhiteElo "2066"]
[BlackElo "1988"]
[PlyCount "135"]
[EventDate "2009.04.05"]
[EventType "team"]
[EventRounds "9"]
[EventCountry "AUT"]
[WhiteTeam "Rheno Palatinat"]
[BlackTeam "SK Volksbank Lienz"]

1.e4 e5 2.Nf3 Nc6 3.Bc4 Nf6 4.Ng5 d5 5.exd5 Na5 6.Bb5+ c6 7.dxc6 bxc6 8.Be2 h6
9.Nf3 e4 10.Ne5 Qd5 11.Ng4 Nxg4 12.Bxg4 Qg5 13.f3 h5 14.d4 e3 15.Bxc8 Qxg2
16.Rf1 Rxc8 17.Qe2 Qxe2+ 18.Kxe2 Bd6 19.f4 Kd7 20.Bxe3 Rce8 21.Kd3 Re7 22.Rf3
Rhe8 23.Nd2 Nb7 24.Nc4 c5 25.c3 cxd4 26.cxd4 Bc7 27.b4 f6 28.h4 Nd6 29.Nxd6 Bxd6
30.b5 Rc8 31.a4 Bb4 32.Bd2 Bxd2 33.Kxd2 Rce8 34.Rg1 Re2+ 35.Kd3 R8e7 36.Rxg7 Ra2
37.Rxe7+ Kxe7 38.Kc4 Rxa4+ 39.Kc5 Ra1 40.Re3+ Kd7 41.Rg3 Rc1+ 42.Kd5 Kc7 43.Ra3
Kb7 44.Ra6 Rh1 45.Rxf6 Rxh4 46.Kc5 Rh1 47.Rf7+ Kb8 48.Rh7 h4 49.d5 h3 50.Kd6 h2
51.f5 Rf1 52.Rxh2 Rxf5 53.Ke6 Rf1 54.d6 Re1+ 55.Kd7 Rg1 56.Re2 Kb7 57.Kd8 Rg8+
58.Re8 Rg6 59.d7 Rg1 60.Ke7 Re1+ 61.Kf6 Rf1+ 62.Kg5 Rb1 63.d8=Q Rg1+ 64.Kf4 Rf1+
65.Kg3 Rg1+ 66.Kf4 Rf1+ 67.Kg3 Rg1+ 68.Kf2

[Event "11. Senioren Team Europameiste"]
[Site "Velden - Casino"]
[Date "2009.04.06"]
[Round "2"]
[Board "2"]
[White "Nickl, Klaus"]
[Black "Bjorgvik, Jan Arne"]
[Result "1-0"]
[WhiteElo "2150"]
[BlackElo "1946"]
[PlyCount "109"]
[EventDate "2009.04.05"]
[EventType "team"]
[EventRounds "9"]
[EventCountry "AUT"]
[WhiteTeam "Steiermark"]
[BlackTeam "Norwegen 2"]

1.d4 d5 2.c4 e6 3.Nc3 Nf6 4.cxd5 exd5 5.Bg5 Be7 6.Qc2 O-O 7.e3 h6 8.Bh4 Re8
9.Bd3 c5 10.Nge2 Nc6 11.a3 Qd7 12.dxc5 Bxc5 13.Bxf6 gxf6 14.O-O d4 15.Ne4 Be7
16.Nxd4 Nxd4 17.exd4 Qxd4 18.Rad1 Qb6 19.Ng3 Bg4 20.Bc4 Kg7 21.Nf5+ Bxf5 22.Qxf5
Qc5 23.Qg4+ Qg5 24.Qf3 Rad8 25.Rxd8 Rxd8 26.Qxb7 Qc5 27.b3 Qxa3 28.Re1 Kf8
29.Qe4 Qb4 30.g3 f5 31.Qe2 Bc5 32.Rd1 Rxd1+ 33.Qxd1 Be7 34.Qh5 Ke8 35.Qxf7+ Kd8
36.Qxf5 Qc5 37.Qe6 Qd6 38.Qe3 a5 39.h4 Bf8 40.Kg2 Be7 41.Qe4 Qc5 42.Qe6 Qd6
43.Qg8+ Bf8 44.Qd5 Qxd5+ 45.Bxd5 Ke7 46.g4 Kf6 47.f4 Bb4 48.Kf3 Be1 49.g5+ Kg7
50.Kg4 Bd2 51.f5 hxg5 52.hxg5 Bc3 53.f6+ Kg6 54.Be4+ Kf7 55.Kf5

[Event "11. Senioren Team Europameiste"]
[Site "Velden - Casino"]
[Date "2009.04.06"]
[Round "2"]
[Board "3"]
[White "Kverndal, Leif"]
[Black "Valent, Peter"]
[Result "1/2-1/2"]
[WhiteElo "1941"]
[BlackElo "2070"]
[PlyCount "124"]
[EventDate "2009.04.05"]
[EventType "team"]
[EventRounds "9"]
[EventCountry "AUT"]
[WhiteTeam "Norwegen 2"]
[BlackTeam "Steiermark"]

1.d4 Nf6 2.Nf3 g6 3.g3 Bg7 4.Bg2 O-O 5.c4 d5 6.O-O e6 7.b3 Ne4 8.Bb2 Nd7 9.Na3
Nb6 10.Rc1 c6 11.Ne1 c5 12.e3 cxd4 13.exd4 Bd7 14.f3 Nf6 15.c5 Nc8 16.Nd3 Ne7
17.Ne5 a6 18.Qd2 Nc6 19.Bc3 Kh8 20.Nxc6 Bxc6 21.Ba5 Qc8 22.Rfe1 Re8 23.Nc2 Nd7
24.f4 Nf6 25.Nb4 Qd7 26.Qe3 Ng4 27.Qd2 h5 28.Rcd1 Nh6 29.Nxc6 Qxc6 30.a4 Nf5
31.Bc3 b6 32.cxb6 Qxb6 33.b4 Rec8 34.a5 Qa7 35.Kh1 Rc7 36.Bb2 Rac8 37.Rc1 Bxd4
38.Rxc7 Rxc7 39.Rc1 Rxc1+ 40.Qxc1 Bxb2 41.Qxb2+ Qd4 42.Qxd4+ Nxd4 43.Bf1 Nc6
44.Bxa6 Nxb4 45.Bb5 d4 46.a6 Nd5 47.Bc6 Nc7 48.a7 f6 49.a8=Q+ Nxa8 50.Bxa8 g5
51.fxg5 fxg5 52.Kg2 Kg7 53.Kf3 Kf6 54.Ke4 e5 55.Bc6 g4 56.Be8 h4 57.gxh4 Kg7
58.h5 Kh6 59.Bg6 Kg5 60.Kxe5 d3 61.Bxd3 Kxh5 62.Kf4 Kh6

[Event "11. Senioren Team Europameiste"]
[Site "Velden - Casino"]
[Date "2009.04.06"]
[Round "2"]
[Board "1"]
[White "Seyffer, Guenther"]
[Black "Kristiansen, Erling"]
[Result "1/2-1/2"]
[WhiteElo "2049"]
[BlackElo "2231"]
[PlyCount "33"]
[EventDate "2009.04.05"]
[EventType "team"]
[EventRounds "9"]
[EventCountry "AUT"]
[WhiteTeam "Stiftung Bahn-Sozialwerk/DBAG III"]
[BlackTeam "Norwegen 4"]

1.d4 Nf6 2.Nf3 g6 3.c4 Bg7 4.Nc3 d5 5.e3 O-O 6.Qb3 dxc4 7.Bxc4 Nc6 8.Ne5 Nxe5
9.dxe5 Nd7 10.f4 Nc5 11.Qc2 Bf5 12.e4 Qd4 13.Nb5 Qxe4+ 14.Qxe4 Nxe4 15.Be3 c6
16.Nd4 Rfd8 17.O-O-O

[Event "11. Senioren Team Europameiste"]
[Site "Velden - Casino"]
[Date "2009.04.06"]
[Round "2"]
[Board "2"]
[White "Ofstad, Per"]
[Black "Gaenssmantel, Alfons"]
[Result "1/2-1/2"]
[WhiteElo "2167"]
[BlackElo "2127"]
[PlyCount "39"]
[EventDate "2009.04.05"]
[EventType "team"]
[EventRounds "9"]
[EventCountry "AUT"]
[WhiteTeam "Norwegen 4"]
[BlackTeam "Stiftung Bahn-Sozialwerk/DBAG III"]

1.e4 c5 2.Nc3 e6 3.Nf3 d5 4.exd5 exd5 5.d4 cxd4 6.Nxd4 a6 7.Bd3 Nf6 8.O-O Be7
9.Nf5 Bxf5 10.Bxf5 O-O 11.Bg5 d4 12.Bxf6 Bxf6 13.Ne4 Be7 14.Nd2 Nc6 15.Nf3 g6
16.Bd3 Bf6 17.a3 b5 18.Qd2 Re8 19.Rae1 Qd6 20.g3

[Event "11. Senioren Team Europameiste"]
[Site "Velden - Casino"]
[Date "2009.04.06"]
[Round "2"]
[Board "3"]
[White "Ehlert, Joachim"]
[Black "Johanssen, Tom J"]
[Result "1/2-1/2"]
[WhiteElo "2016"]
[BlackElo "1891"]
[PlyCount "33"]
[EventDate "2009.04.05"]
[EventType "team"]
[EventRounds "9"]
[EventCountry "AUT"]
[WhiteTeam "Stiftung Bahn-Sozialwerk/DBAG III"]
[BlackTeam "Norwegen 4"]

1.e4 c5 2.Nf3 Nc6 3.d4 cxd4 4.Nxd4 e6 5.Be2 d5 6.Nxc6 bxc6 7.exd5 exd5 8.O-O Nf6
9.c3 Bd6 10.Nd2 O-O 11.h3 h6 12.Bf3 Bc7 13.Re1 Qd6 14.Nf1 Bf5 15.b4 Rfe8 16.Be3
Bb6 17.Qb3

[Event "11. Senioren Team Europameiste"]
[Site "Velden - Casino"]
[Date "2009.04.06"]
[Round "2"]
[Board "1"]
[White "Scholvin, Erich"]
[Black "Ozbilen, Hayri"]
[Result "1-0"]
[WhiteElo "2104"]
[BlackElo "2103"]
[PlyCount "99"]
[EventDate "2009.04.05"]
[EventType "team"]
[EventRounds "9"]
[EventCountry "AUT"]
[WhiteTeam "ASKOE Finkenstein 1"]
[BlackTeam "Turkiye"]

1.d4 Nf6 2.Nf3 g6 3.Nc3 Bg7 4.e4 d6 5.Be3 Ng4 6.Bg5 h6 7.Bh4 O-O 8.h3 Nf6 9.Bd3
Nc6 10.g4 e5 11.d5 Nd4 12.Nxd4 exd4 13.Ne2 g5 14.Bg3 Re8 15.f3 c5 16.O-O Qb6
17.b3 Nd7 18.Qd2 f6 19.Rae1 Nf8 20.f4 Qd8 21.Bh2 h5 22.gxh5 Bxh3 23.Rf2 Bh6
24.Kh1 Re7 25.Rg1 Qe8 26.fxg5 fxg5 27.Ng3 Rf7 28.Nf5 Bxf5 29.exf5 Nh7 30.f6 Qe3
31.Bxd6 Qh3+ 32.Rh2 Qf3+ 33.Qg2 Qxg2+ 34.Rhxg2 Rxf6 35.Bxc5 Rf4 36.Be7 Nf6 37.d6
Kf7 38.Bg6+ Ke6 39.Re1+ Kd7 40.Re5 Rh4+ 41.Kg1 Rf4 42.Bf5+ Kc6 43.Bxf6 Kxd6
44.Rge2 Bf8 45.Bxg5 Rf3 46.Kg2 Rc3 47.Re6+ Kc5 48.a3 Bd6 49.Be7 Rg8+ 50.Bg6

[Event "11. Senioren Team Europameiste"]
[Site "Velden - Casino"]
[Date "2009.04.06"]
[Round "2"]
[Board "2"]
[White "Kayaman, Metin"]
[Black "Gallob, Josef"]
[Result "1-0"]
[WhiteElo "1974"]
[BlackElo "1938"]
[PlyCount "111"]
[EventDate "2009.04.05"]
[EventType "team"]
[EventRounds "9"]
[EventCountry "AUT"]
[WhiteTeam "Turkiye"]
[BlackTeam "ASKOE Finkenstein 1"]

1.d4 Nf6 2.Nf3 g6 3.Nbd2 Bg7 4.e4 d6 5.Bd3 O-O 6.O-O Nc6 7.c3 e5 8.h3 a5 9.Re1
exd4 10.cxd4 Nh5 11.d5 Nb4 12.Bb1 c5 13.a3 Na6 14.Bd3 Bd7 15.Nc4 Bb5 16.Bg5 Qc7
17.Qd2 Bxc4 18.Bxc4 Rab8 19.Bb5 f6 20.Be3 Bh8 21.g4 Ng7 22.Qd3 Ra8 23.Nd2 Nb8
24.Nc4 Rd8 25.Bf4 Qe7 26.Bd2 Qc7 27.Bc3 Ne8 28.f4 Nd7 29.Qd2 b6 30.Qg2 Rab8
31.Qg3 Bg7 32.Re2 h6 33.Rd1 g5 34.f5 Ne5 35.Bxe5 fxe5 36.h4 Qe7 37.Rh2 Bf6
38.hxg5 Bxg5 39.Rh3 Qf6 40.Kg2 Nc7 41.a4 Nxb5 42.axb5 Rd7 43.Rh5 Rg7 44.Qh3 Kf7
45.Kf3 Bf4 46.Rh1 Rh7 47.Qh4 Qxh4 48.R1xh4 a4 49.g5 Rhh8 50.gxh6 Rbg8 51.Rg4
Rxg4 52.Kxg4 Rxh6 53.Rxh6 Bxh6 54.Nxb6 Be3 55.Nxa4 c4 56.b6

[Event "11. Senioren Team Europameiste"]
[Site "Velden - Casino"]
[Date "2009.04.06"]
[Round "2"]
[Board "3"]
[White "Melcher, Jakob"]
[Black "Baboglu, Ibrahim"]
[Result "0-1"]
[WhiteElo "1898"]
[BlackElo "1935"]
[PlyCount "87"]
[EventDate "2009.04.05"]
[EventType "team"]
[EventRounds "9"]
[EventCountry "AUT"]
[WhiteTeam "ASKOE Finkenstein 1"]
[BlackTeam "Turkiye"]

1.e4 c5 2.Nf3 d6 3.d4 cxd4 4.Nxd4 Nf6 5.Bd3 e6 6.Be3 Be7 7.h3 a6 8.c3 Qc7 9.Nd2
Bd7 10.f4 Nc6 11.O-O Rd8 12.Qe2 O-O 13.Rf2 Rfe8 14.Raf1 Bf8 15.Qf3 Re7 16.g4 g6
17.f5 Ne5 18.Qe2 Nxd3 19.Qxd3 exf5 20.gxf5 Nh5 21.Bg5 f6 22.Bf4 Nxf4 23.Rxf4 g5
24.R4f2 Rde8 25.Rg2 h6 26.h4 Rg7 27.hxg5 Rxg5 28.Rxg5+ hxg5 29.Kg2 Re7 30.Rh1 d5
31.Qh3 Bg7 32.Qh7+ Kf8 33.exd5 Qf4 34.N2f3 Re3 35.Qh2 Qg4+ 36.Qg3 Bxf5 37.Kf2
Qxg3+ 38.Kxg3 Be4 39.d6 f5 40.Ne6+ Kg8 41.Nexg5 Rd3 42.Kf2 Rxd6 43.Ke3 Bh6
44.Ke2

[Event "11. Senioren Team Europameiste"]
[Site "Velden - Casino"]
[Date "2009.04.06"]
[Round "2"]
[Board "4"]
[White "Topaloglu, Hayati"]
[Black "Regatschnig, Horst"]
[Result "1/2-1/2"]
[WhiteElo "1911"]
[BlackElo "1883"]
[PlyCount "38"]
[EventDate "2009.04.05"]
[EventType "team"]
[EventRounds "9"]
[EventCountry "AUT"]
[WhiteTeam "Turkiye"]
[BlackTeam "ASKOE Finkenstein 1"]

1.e4 c5 2.f4 Nc6 3.Nf3 d5 4.e5 Bg4 5.c3 d4 6.Bc4 e6 7.d3 a6 8.a4 Nge7 9.Nbd2 Nd5
10.Ne4 Be7 11.O-O Rb8 12.Qe1 Bf5 13.Bd2 h5 14.h3 h4 15.Qe2 Kf8 16.Kh1 Qd7 17.Ne1
Rd8 18.a5 Qc7 19.cxd4 Nxd4

[Event "11. Senioren Team Europameiste"]
[Site "Velden - Casino"]
[Date "2009.04.06"]
[Round "2"]
[Board "1"]
[White "Gneiss, Karl"]
[Black "Sandklef, Ake"]
[Result "1-0"]
[WhiteElo "2119"]
[BlackElo "2029"]
[PlyCount "85"]
[EventDate "2009.04.05"]
[EventType "team"]
[EventRounds "9"]
[EventCountry "AUT"]
[WhiteTeam "Voecklabruck/Oberoesterreich"]
[BlackTeam "Schweden III"]

1.e4 e6 2.Nf3 c5 3.c4 a6 4.Nc3 Nc6 5.Be2 Qc7 6.d4 cxd4 7.Nxd4 Nf6 8.Be3 Bb4 9.f3
O-O 10.Rc1 Re8 11.Bf2 d5 12.Nxc6 bxc6 13.O-O Bxc3 14.Rxc3 dxe4 15.Qc2 e5 16.Bh4
Qd6 17.Bxf6 Qxf6 18.c5 Be6 19.fxe4 Qe7 20.Rd1 Red8 21.Rcd3 Rxd3 22.Rxd3 a5
23.Rd6 Qb7 24.Qc3 Qb4 25.Qxb4 axb4 26.Rxc6 Kf8 27.Rb6 Rxa2 28.Rxb4 Ra1+ 29.Kf2
Rc1 30.Rb8+ Ke7 31.b4 Rc2 32.Ke3 Kd7 33.Rb6 Kc7 34.h3 Bd7 35.Kd3 Rb2 36.Bf3 Bc6
37.Kc3 Rb1 38.Kc2 Ra1 39.b5 Bb7 40.Rd6 Ra5 41.b6+ Kc8 42.Bg4+ Kb8 43.Rd8+

[Event "11. Senioren Team Europameiste"]
[Site "Velden - Casino"]
[Date "2009.04.06"]
[Round "2"]
[Board "2"]
[White "Ohrn, Stellan"]
[Black "Fasser, Walter"]
[Result "1/2-1/2"]
[WhiteElo "2008"]
[BlackElo "2068"]
[PlyCount "55"]
[EventDate "2009.04.05"]
[EventType "team"]
[EventRounds "9"]
[EventCountry "AUT"]
[WhiteTeam "Schweden III"]
[BlackTeam "Voecklabruck/Oberoesterreich"]

1.c4 f5 2.g3 Nf6 3.Bg2 e5 4.Nc3 c6 5.d4 e4 6.Nh3 d5 7.cxd5 cxd5 8.O-O Bb4 9.Qb3
Bxc3 10.bxc3 O-O 11.Bg5 Nc6 12.Bxf6 Rxf6 13.Nf4 Rd6 14.h4 Na5 15.Qc2 Nc4 16.e3
Bd7 17.a4 Rc8 18.Rfe1 Qa5 19.Bf1 Rb6 20.Ra2 Ra6 21.Qb3 Rb6 22.Qc2 Rcc6 23.Be2 g6
24.Bf1 Kg7 25.Ne2 Ra6 26.Rb1 Rcb6 27.Rba1 Rc6 28.Rb1

[Event "11. Senioren Team Europameiste"]
[Site "Velden - Casino"]
[Date "2009.04.06"]
[Round "2"]
[Board "3"]
[White "Nussbaumer, Josef"]
[Black "Nystrom, Ragnar"]
[Result "0-1"]
[WhiteElo "2070"]
[BlackElo "1971"]
[PlyCount "80"]
[EventDate "2009.04.05"]
[EventType "team"]
[EventRounds "9"]
[EventCountry "AUT"]
[WhiteTeam "Voecklabruck/Oberoesterreich"]
[BlackTeam "Schweden III"]

1.d4 Nf6 2.c4 e6 3.Nf3 d5 4.Nc3 Be7 5.e3 O-O 6.Bd3 dxc4 7.Bxc4 c5 8.O-O a6 9.a4
Nc6 10.b3 Qc7 11.Bb2 Rd8 12.Rc1 b6 13.Qd2 Na5 14.Ne2 Nxc4 15.Rxc4 Bb7 16.Ng3 Bd5
17.Rc3 Bxf3 18.gxf3 Qb7 19.Qe2 cxd4 20.exd4 Rxd4 21.Rfc1 Rd7 22.Qc2 Rad8 23.Ne4
Nd5 24.Rc8 Nf4 25.Rxd8+ Rxd8 26.Be5 Nd5 27.Qc6 Qxc6 28.Rxc6 f6 29.Bg3 e5 30.a5
bxa5 31.Nc5 Nb4 32.Rc7 Bd6 33.Rd7 Rxd7 34.Nxd7 Nd5 35.h4 Kf7 36.f4 exf4 37.Bxf4
Nxf4 38.Nb6 Ne2+ 39.Kf1 Nd4 40.Nc4 Bb4

[Event "11. Senioren Team Europameiste"]
[Site "Velden - Casino"]
[Date "2009.04.06"]
[Round "2"]
[Board "1"]
[White "Wood, Peter C"]
[Black "Ager, Josef"]
[Result "0-1"]
[WhiteElo "1965"]
[BlackElo "2223"]
[PlyCount "102"]
[EventDate "2009.04.05"]
[EventType "team"]
[EventRounds "9"]
[EventCountry "AUT"]
[WhiteTeam "England 2"]
[BlackTeam "Mixed Team Austria"]

1.d4 Nf6 2.c4 g6 3.Nc3 Bg7 4.Nf3 O-O 5.Bg5 d6 6.Qc2 Nbd7 7.e3 a6 8.Be2 c6 9.O-O
b5 10.a3 Bb7 11.Rad1 Rc8 12.Qd2 Re8 13.Rfe1 Qb6 14.e4 bxc4 15.Bxc4 d5 16.exd5
cxd5 17.Bf1 Ne4 18.Nxe4 dxe4 19.Nh4 Bd5 20.Be3 Nf8 21.g3 Ne6 22.Ng2 Red8 23.Nf4
Nxf4 24.Bxf4 Bb3 25.Rc1 Rxc1 26.Rxc1 e5 27.Be3 exd4 28.Bf4 Qe6 29.Qa5 Ra8 30.Qc7
h5 31.Rc6 Qe8 32.Bxa6 e3 33.fxe3 dxe3 34.Be2 Bd5 35.Rd6 Qe4 36.Rxd5 Qxd5 37.Bxe3
Re8 38.Kf2 Bxb2 39.Qf4 Rxe3 40.Qb8+ Kh7 41.Qxb2 Rb3 42.Qc1 Qd4+ 43.Kg2 Rc3
44.Qf1 Qe4+ 45.Kh3 Kg7 46.a4 Qxa4 47.Qf2 Qe4 48.Bxh5 Rc2 49.Qf1 gxh5 50.Qa1+ Kh7
51.Qf1 Qg4#

[Event "11. Senioren Team Europameiste"]
[Site "Velden - Casino"]
[Date "2009.04.06"]
[Round "2"]
[Board "2"]
[White "Proksch, Gerhard"]
[Black "Pemberton, Clive H"]
[Result "1/2-1/2"]
[WhiteElo "1989"]
[BlackElo "1908"]
[PlyCount "76"]
[EventDate "2009.04.05"]
[EventType "team"]
[EventRounds "9"]
[EventCountry "AUT"]
[WhiteTeam "Mixed Team Austria"]
[BlackTeam "England 2"]

1.c3 d5 2.d4 Nf6 3.Bg5 Ne4 4.Bf4 Nd7 5.f3 Nef6 6.Nd2 e6 7.e4 dxe4 8.fxe4 c5
9.Ngf3 cxd4 10.cxd4 Be7 11.Qc2 O-O 12.Bc7 Qe8 13.Nc4 Bb4+ 14.Nfd2 Qe7 15.a3
Bxd2+ 16.Nxd2 Ne8 17.Ba5 Nd6 18.Bb4 a5 19.Bc3 Qg5 20.Qd3 b6 21.h4 Qf4 22.Qf3
Qxf3 23.gxf3 Ba6 24.Bxa6 Rxa6 25.Ke2 Nb5 26.a4 Nxc3+ 27.bxc3 Rc8 28.Kd3 Ra7
29.e5 Rac7 30.Rhc1 f5 31.f4 h5 32.c4 Nb8 33.Rab1 Rc6 34.Nb3 Na6 35.Nd2 Nb4+
36.Ke3 Na2 37.Rc2 Nb4 38.Rcb2 Kf7